000 00465nam a2200145Ia 4500
008 230917s9999||||xx |||||||||||||| ||und||
040 _e180458
_aMAIN
041 _aEnglish
082 _a891.431521 VS58:TA
100 _aअरविन्द त्रिपाठी
245 0 _aश्रीकान्त रचनावली
260 _aनयी दिल्ली
_bराजकामल प्रकाशन
_c1995
300 _a567 p.
942 _cHN
999 _c138473
_d138473